00654nam a2200229 a 4500001001300000003000900013005001700022008004100039020002300080082001400103100001800117245001600135260004300151300001000194500003500204650002000239700001800259902000800277942000700285952011500292999001700407nice12345678IN_TiNIC20260116014007.0131107s2012 lona grp 000 0 eng  a9780007432974c29900a823bGHO5 aGhosh, Amitav aHungry Tide aLondon bCollins Religious Pub. c2012 a402p  aincludes index and biblioraphy aEnglish-Fiction1 aGhosh, Amitav bSRS cBK 001040708StackRoom-aHMIbHMId2013-11-07g299.00l0o823 GHO5p024161r2013-11-07v299.00w2013-11-07yBK c13416d13416